Σχεδιασμός και Κατασκευή Σιδηροδρομικής Υποδομής / Αριστοτέλειο Πανεπιστήμιο Θεσσαλονίκης Πολυτεχνική Σχολή - Τμήμα Πολιτικών Μηχανικών - Τομέας Μεταφορών - Συγκοινωνιακής Υποδομής - Διαχείρισης Έργων και Ανάπτυξης (Record no. 4619)
[ view plain ]
| 000 -LEADER | |
|---|---|
| fixed length control field | 01696cam a22001934a 4500 |
| 005 - ΗΜΕΡΟΜΗΝΙΑ ΚΑΙ ΩΡΑ ΤΕΛΕΥΤΑΙΑΣ ΕΝΗΜΕΡΩΣΗΣ | |
| Πεδίο ελέγχου | 20250605164150.0 |
| 008 - FIXED-LENGTH DATA ELEMENTS--GENERAL INFORMATION | |
| Πεδίο ελέγχου σταθερού μήκους | 250528s ||||||||||||||||||||||||d |
| 035 ## - SYSTEM CONTROL NUMBER | |
| System control number | 19363 |
| 040 ## - ΠΗΓΗ ΚΑΤΑΛΟΓΟΓΡΑΦΗΣΗΣ | |
| Φορέας πρωτότυπης καταλογογράφησης | MC Athens Campus Library |
| Γλώσσα καταλογογράφησης | Ελληνικά, Μοντέρνα (1453-) |
| Modifying agency | MC Athens Campus Library |
| Κανόνες περιγραφικής καταλογογράφησης | AACR2 |
| 245 1# - ΤΙΤΛΟΣ ΚΑΙ ΔΗΛΩΣΗ ΥΠΕΥΘΥΝΟΤΗΤΑΣ | |
| Τίτλος | Σχεδιασμός και Κατασκευή Σιδηροδρομικής Υποδομής / Αριστοτέλειο Πανεπιστήμιο Θεσσαλονίκης Πολυτεχνική Σχολή - Τμήμα Πολιτικών Μηχανικών - Τομέας Μεταφορών - Συγκοινωνιακής Υποδομής - Διαχείρισης Έργων και Ανάπτυξης |
| 250 ## - EDITION STATEMENT | |
| Edition statement | 1η |
| 260 ## - PUBLICATION, DISTRIBUTION, ETC. | |
| Name of publisher, distributor, etc. | Ζήτη, |
| Date of publication, distribution, etc. | 2003 |
| 300 ## - PHYSICAL DESCRIPTION | |
| Extent | 586 |
| 520 ## - SUMMARY, ETC. | |
| Summary, etc. | Η Τεχνική και οι Δυνατότητες του Σιδηροδρόμου, Η Έλξη στον Σιδηρόδρομο, Αλληλεπίδραση Τροχού - Σιδηροτροχιάς, Εσχάρα Γραμμής, Έδραση - Υποδομή Γραμμής, Χάραξη της Γραμμής, Μηχανική Συμπεριφορά της Γραμμής, Εγκαταστάσεις Γραμμής, Τροχαίο Υλικό, Συμπεριφορά Τροχαίου Υλικού επί της Γραμμής, Ο Σιδηρόδρομος και οι Υψηλές Ταχύτητες, Αστικά και Προαστιακά Σιδηροδρομικά Συστήματα Μεταφοράς, Στοιχεία Τεχνικής Σιδηροδρομικής Εκμετάλευσης, Αξιολόγηση Σιδηροδρομικών Συστημάτων. |
| 700 1# - ΠΡΟΣΘΕΤΗ ΑΝΑΓΡΑΦΗ--ΦΥΣΙΚΟ ΠΡΟΣΩΠΟ | |
| Personal name | Πυργίδης Χρίστος |
| 9 (RLIN) | 5613 |
| 942 ## - ADDED ENTRY ELEMENTS (KOHA) | |
| Koha item type | Books |
| Τύπος τεκμηρίου | Βιβλιοθήκη | Τρέχουσα τοποθεσία | Barcode | Αριθμός εισαγωγής | Ημερομηνία απόκτησης | Ταξιθετικό σύμβολο | Αριθμός αντιτύπου | Κατάσταση απόσυρσης | Κατάσταση χαμένου | Κατάσταση κατεστραμμένου | Μη δανεισμός | Σύνολο δανεισμών | Ημερομηνία τελευταίας εμφάνισης | Η τιμή ισχύει από |
|---|---|---|---|---|---|---|---|---|---|---|---|---|---|---|
| Books | MC Athens Campus Library | MC Athens Campus Library | 9780000046185 | 5419 | 05/06/2025 | 625.19 PIR | 1 | 05/06/2025 | 05/06/2025 |